| 000 | nam a22 7a 4500 | ||
|---|---|---|---|
| 999 |
_c3178 _d3178 |
||
| 005 | 20170519161004.0 | ||
| 008 | 170519b1984 si ||||| |||| 00| 0 eng d | ||
| 020 | _a9971404478 | ||
| 040 | _aAKMAL | ||
| 082 | _a658.3952 PAR | ||
| 090 |
_a658.3952 _bPAR |
||
| 100 | 1 |
_aParkinson, C. Northcote _d1909-1959 _96546 |
|
| 245 | 1 | 4 |
_aThe incredible Japanese _cC. Northcote Parkinson, M.K. Rustomji, S.A. Sapre ; illustrated by V.B. Halbe |
| 260 |
_aSingapore : _b Federal Publications, _c1984 |
||
| 300 | 0 | 0 |
_a167p. : _bill. ; _c19 cm |
| 504 | _aBibliography: p.166-167 | ||
| 650 | 0 |
_aEconomic development _xSocial aspects _zJapan _96547 |
|
| 651 | 0 |
_aJapan _xEconomic conditions _93246 |
|
| 700 | 1 |
_aRustomji, M. K. _95958 |
|
| 700 | 1 |
_aSapre, S. A. _95992 |
|
| 700 | 1 |
_aHalbe, V. B., _eill. _96548 |
|
| 942 |
_2ddc _cBOOK |
||